000 02187cam a22005654i 4500
003 PE-LiUPU
005 20250731170430.0
008 150623s r 000 0 d
020 _a0345278089
035 _a(Sirsi) i9780345278081
040 _aPE-LiUPU
_bspa
_cPE-LiUPU
_erda
049 _aPRUA
082 0 4 _a153.14
_bL84
_221
100 1 _aLorayne, Harry,
_eautor.
245 1 4 _aThe memory book /
_cHarry Lorayne.
264 1 _aNew York, NY :
_bBallantine Books,
_c1978.
300 _a206 páginas :
_bilustraciones, gráficos ;
_c18 centímetros
336 _atext
_2rdacontent
337 _aunmediated
_2rdamedia
338 _avolume
_2rdacarrier
505 0 _aSome history of the art. -In the first place: association. -The link. Substitute words. -Long Words, appointments and errands, shopping lists. -Speeches. -Foreign and english vocabulary. -Names and faces. -Absentmindedness. -Long-digit numbers. -The peg. Style numbers, prices, telephone numbers. -Playing cards. -Weekly appointments; Days of the week. -Anniversaries, the zodiac, hostorical dates. -The alphabet and picturing letters. -Start your children. -Sports. -The stock market. -Politics. -The arts. -Music for beginners. -Reading. -The memory graph. -Potpourri. -Look, I'm a genius. -Finally.
526 _aSEG68
526 _aSEG70
526 _aSEG69
526 _aSEG67
526 _aSEG43
526 _aP144
526 _aP143
526 _aP131
526 _aP122
526 _aP120
526 _aP117
526 _aP112
526 _aP110
526 _aP106
526 _aP101
526 _aP80
526 _aP59
526 _aP54
526 _aP35
526 _aP33
526 _aP30
650 0 4 _aNemotecnia.
942 _2ddc
_cBOOK
949 _a153.14 L84
_wDEWEY
_c1
_i51470
_lCCODEBUL1
_mBUL
_p3.00
_r0
_sY
_tBOOK
_u2015-6-24
_xTEOLOGIA
_PP35
_0COMPRA
_o.STAFF. Colección General
994 _aC0
_bPEPRU
596 _a1
999 _a153.14 L84
_wDEWEY
_c33191
_i51470
_f2021-11-11
_g5
_lCCODEBUL1
_mBUL
_p3.00
_r0
_sY
_tBOOK
_u2015-6-24
_xTEOLOGIA
_PP35
_0COMPRA
_o.STAFF. Colección General
_d33191
980 _81
_gALBERTO SANCHEZ Responsable de Automatización